New York civil practice before trial / (Registro nro. 172978)
[ vista simple ]
| 000 -LEADER | |
|---|---|
| fixed length control field | 02025cas a2200517 i 4500 |
| 001 - CONTROL NUMBER | |
| control field | 2018245300 |
| 006 - FIXED-LENGTH DATA ELEMENTS--ADDITIONAL MATERIAL CHARACTERISTICS--GENERAL INFORMATION | |
| fixed length control field | m o d |
| 007 - PHYSICAL DESCRIPTION FIXED FIELD--GENERAL INFORMATION | |
| fixed length control field | cr un ---uuuua |
| 008 - FIXED-LENGTH DATA ELEMENTS--GENERAL INFORMATION | |
| fixed length control field | 160630c20169999cau x o 0 0eng d |
| 010 ## - LIBRARY OF CONGRESS CONTROL NUMBER | |
| LC control number | 2018245300 |
| 035 ## - | |
| -- | 38672 |
| 040 ## - CATALOGING SOURCE | |
| Original cataloging agency | UtOrBLW |
| Language of cataloging | eng |
| Description conventions | rda |
| Transcribing agency | UtOrBLW |
| 042 ## - | |
| -- | pcc |
| 043 ## - | |
| -- | n-us-ny |
| 050 #4 - | |
| -- | KFN6020 |
| -- | .N493 |
| 082 04 - | |
| -- | 347.74707 |
| -- | 23 |
| 245 00 - TITLE STATEMENT | |
| Title | New York civil practice before trial / |
| Statement of responsibility, etc | Michael H. Barr, Burton N. Lipshie, and Sharon Stern Gerstman. |
| 264 #1 - | |
| -- | [Costa Mesa, California] : |
| -- | James Publishing, |
| -- | 2016- |
| 300 ## - PHYSICAL DESCRIPTION | |
| Extent | 1 online resource (volumes) |
| 336 ## - | |
| -- | text |
| -- | txt |
| -- | rdacontent |
| 337 ## - | |
| -- | computer |
| -- | c |
| -- | rdamedia |
| 338 ## - | |
| -- | online resource |
| -- | cr |
| -- | rdacarrier |
| 362 1# - | |
| -- | Began with Revision 13 (3/2016). |
| 515 ## - NUMBERING PECULIARITIES NOTE | |
| Numbering peculiarities note | Revision number is continued from the previous loose-leaf title. |
| 580 ## - LINKING ENTRY COMPLEXITY NOTE | |
| Linking entry complexity note | Continues a loose-leaf publication with the same title |
| 588 ## - | |
| -- | Description based on: Revision 13 (3/2016); title from title page. |
| 588 ## - | |
| -- | Latest issue consulted: Revision 14 (1/2018). |
| 650 #0 - SUBJECT ADDED ENTRY--TOPICAL TERM | |
| Topical term or geographic name as entry element | Civil procedure |
| Geographic subdivision | New York (State) |
| 650 #0 - SUBJECT ADDED ENTRY--TOPICAL TERM | |
| Topical term or geographic name as entry element | Depositions |
| Geographic subdivision | New York (State) |
| 650 #0 - SUBJECT ADDED ENTRY--TOPICAL TERM | |
| Topical term or geographic name as entry element | Discovery (Law) |
| Geographic subdivision | New York (State) |
| 650 #0 - SUBJECT ADDED ENTRY--TOPICAL TERM | |
| Topical term or geographic name as entry element | Pre-trial procedure |
| Geographic subdivision | New York (State) |
| 650 #0 - SUBJECT ADDED ENTRY--TOPICAL TERM | |
| Topical term or geographic name as entry element | Trial practice |
| Geographic subdivision | New York (State) |
| 650 #7 - SUBJECT ADDED ENTRY--TOPICAL TERM | |
| Topical term or geographic name as entry element | Civil procedure. |
| Source of heading or term | fast |
| -- | (OCoLC)fst00862585 |
| 650 #7 - SUBJECT ADDED ENTRY--TOPICAL TERM | |
| Topical term or geographic name as entry element | Depositions. |
| Source of heading or term | fast |
| -- | (OCoLC)fst00890865 |
| 650 #7 - SUBJECT ADDED ENTRY--TOPICAL TERM | |
| Topical term or geographic name as entry element | Discovery (Law) |
| Source of heading or term | fast |
| -- | (OCoLC)fst00894962 |
| 650 #7 - SUBJECT ADDED ENTRY--TOPICAL TERM | |
| Topical term or geographic name as entry element | Pre-trial procedure. |
| Source of heading or term | fast |
| -- | (OCoLC)fst01074798 |
| 650 #7 - SUBJECT ADDED ENTRY--TOPICAL TERM | |
| Topical term or geographic name as entry element | Trial practice. |
| Source of heading or term | fast |
| -- | (OCoLC)fst01156264 |
| 651 #7 - SUBJECT ADDED ENTRY--GEOGRAPHIC NAME | |
| Geographic name | New York (State) |
| Source of heading or term | fast |
| -- | (OCoLC)fst01210280 |
| 700 1# - ADDED ENTRY--PERSONAL NAME | |
| Personal name | Barr, Michael H. |
| 700 1# - ADDED ENTRY--PERSONAL NAME | |
| Personal name | Lipshie, Burton N. |
| 700 1# - ADDED ENTRY--PERSONAL NAME | |
| Personal name | Gerstman, Sharon Stern. |
| 780 10 - | |
| -- | New York civil practice before trial. |
| -- | [Santa Ana, Calif.] : James Pub., c2001-c2014 |
| -- | (OCoLC)47349438 |
| 856 40 - LOCALIZACIÓN Y ACCESO ELECTRÓNICO | |
| Identificador Uniforme del Recurso (URI/URL) | https://app.vlex.com/#/sources/38672 |
| 942 ## - | |
| -- | RAA |
| 999 ## - | |
| -- | 172978 |
| -- | 172978 |
No hay ítems disponibles.